| 000 | 00000nam##2200000za#4500 |
| 001 | 9.572377 |
| 003 | CaOODSP |
| 005 | 20210929082754 |
| 007 | cr ||||||||||| |
| 008 | 150406|2000||||xxc|||||o f|0| 0 eng|d |
| 040 | |aCaOODSP|beng |
| 043 | |an-cn--- |
| 086 | 1 |aFo29-47/23-2000E-PDF |
| 110 | 1 |aCanada. |bNatural Resources Canada. |bCanadian Forest Service. |
| 245 | 10|aUsing line intersect sampling to predict spruce beetle populations in logging residue|h[electronic resource]|c[by] L. Safranyik and D.A. Linton. |
| 260 | |aVictoria - British Columbia : |bNatural Resources Canada. |cAugust 2000. |
| 300 | |a4p.|bfig., photographs |
| 490 | 1 |aTechnology transfer note|vNo. 23 |
| 500 | |aThe catalogue number (Fo29-47/23-2000E) and ISBN (0-662-29053-4) for the print edition have been incorrectly copied in this electronic publication. |
| 504 | |aBibliography. |
| 590 | |a11-30-Supp|b2011-12-02 |
| 690 | 07|aTrees|2gcpds |
| 690 | 07|aInsects|2gcpds |
| 720 | 1 |aSafranyik, L. |
| 720 | 1 |aLinton, D. A. |
| 775 | 08|tLe recours à l'échantillonnage linéaire pour prédire les populations du dendroctone de l'épinette dans les résidus de coupe|w(CaOODSP)9.602734 |
| 776 | 0#|tUsing line intersect sampling to predict spruce beetle populations in logging residue|w(CaOODSP)9.615224 |
| 830 | #0|aTechnology transfer note ;|vNo. 23|w(CaOODSP)9.504768 |
| 856 | 40|ahttp://publications.gc.ca|qPDF|s539 KB|uhttps://publications.gc.ca/collections/Collection/Fo29-47-23-2000E.pdf|yNo. 23 |